000 00399nam a22001457a 4500
020 _qPB.
040 _cFIZZA ISHAQ
082 _a658.1511
_bBRA
100 _a Braun , Karen Wilken.
_9134305
245 _aManagerial Accounting /
_cKaren Wilken Braun.
250 _a2nd ED.
260 _aNew York:
_bPearson ,
_c2010.
300 _a626 , I-1 x I-14 P. ;
_c10.6 x 8.1 x 0.9 inches,
942 _2ddc
_cBK
999 _c617278
_d617278